Tools for data processing and visualization in the project VerbaAlpina
Elmentve itt :
| Szerzők: | |
|---|---|
| Dokumentumtípus: | Könyv része |
| Megjelent: |
University of Szeged, Department of Finno-Ugric Studies - Universität Hamburg, Zentrum für Sprachkorpora
Szeged
2022
|
| Sorozat: | Working Papers in Corpus Linguistics and Digital Technologies : Analyses and methodology
Working Papers in Corpus Linguistics and Digital Technologies: Analyses and Methodology |
| Kulcsszavak: | Adatfeldolgozás - nyelvészeti, Nyelvészet - számítógép alkalmazása |
| Tárgyszavak: | |
| doi: | 10.14232/wpcl.2022.7.3 |
| Online Access: | http://acta.bibl.u-szeged.hu/77992 |
| LEADER | 01165naa a2200253 i 4500 | ||
|---|---|---|---|
| 001 | acta77992 | ||
| 005 | 20251106131059.0 | ||
| 008 | 221220s2022 hu o 000 eng d | ||
| 020 | |a 978-963-306-872-4 | ||
| 022 | |a 2677-0857 | ||
| 024 | 7 | |a 10.14232/wpcl.2022.7.3 |2 doi | |
| 040 | |a SZTE Egyetemi Kiadványok Repozitórium |b hun | ||
| 041 | |a eng | ||
| 100 | 1 | |a Colcuc Beatrice | |
| 245 | 1 | 0 | |a Tools for data processing and visualization in the project VerbaAlpina |h [elektronikus dokumentum] / |c Colcuc Beatrice |
| 260 | |a University of Szeged, Department of Finno-Ugric Studies - Universität Hamburg, Zentrum für Sprachkorpora |b Szeged |c 2022 | ||
| 300 | |a 55-70 | ||
| 490 | 0 | |a Working Papers in Corpus Linguistics and Digital Technologies : Analyses and methodology | |
| 490 | 0 | |a Working Papers in Corpus Linguistics and Digital Technologies: Analyses and Methodology | |
| 650 | 4 | |a Bölcsészettudományok | |
| 650 | 4 | |a Nyelvek és irodalom | |
| 695 | |a Adatfeldolgozás - nyelvészeti, Nyelvészet - számítógép alkalmazása | ||
| 700 | 0 | 1 | |a Zacherl Florian |e aut |
| 856 | 4 | 0 | |u http://acta.bibl.u-szeged.hu/77992/1/working_papers_2022_007_055-070.pdf |z Dokumentum-elérés |